000 00591nam a2200241Ia 4500
005 20250425162002.0
008 250425s9999 xx 000 0 und d
020 _a9682451612
041 _aspa
082 _a808.066
100 _aLUNA CASTILLO, ANTONIO
245 0 _aMETODOLOGIA DE LA TESIS
250 _a1A ED.
260 _aMEXICO
260 _aMéxico
_bTRILLAS
_c1996
300 _a130
650 _aINFORMES-REDACCION
650 _aINVESTIGACION
650 _aMETODOS DE INVESTIGACION
650 _aTESIS Y DISERTACIONES ACADEMICAS
942 _c01
010 _a38735
999 _c220130
_d220130